Psyché: invenciones del otro

Saved in:
Bibliografiske detaljer
Hovedforfatter: Derrida, Jacques 1930-2004 (Author)
Format: Bog
Sprog:spansk
Udgivet: Adrogué Ediciones La Cebra 2016
Udgivelse:1a. ed
Fag:
Tags: Tilføj Tag
Ingen Tags, Vær først til at tagge denne postø!

MARC

LEADER 00000cam a2200000 a 4500
001 UCC7043
003 CL-VaPUC
008 190125e20160000ag |||||||||||||||||spa|d
020 |a 9789873621253 
082 0 4 |a 194  |b DER  |2 21 
100 |a Derrida, Jacques   |d 1930-2004  |e author  |9 449254 
245 1 0 |a Psyché: invenciones del otro 
250 |a 1a. ed 
300 |a 813 p 
942 |c BK 
945 |d 20190125 15:54:00  |a dcastane 
260 |a Adrogué  |b Ediciones La Cebra  |c 2016 
650 0 |a Filosofía francesa   |9 255698 
650 0 |a Filósofos franceses  |9 314621 
650 0 |a Filosofía contemporánea  |9 265372 
583 |a last modification  |c 20190321 08:55:52  |k Rodrigo Vera 
999 |c 373835  |d 373833 
952 |0 0  |1 0  |3 erb  |4 0  |6 194_000000000000000_DER_2016  |7 0  |8 A  |9 492078  |a FDOPOS  |b FDOPOS  |i 5532671  |o 194 DER 2016  |p 5532671  |r 2025-01-22  |w 2019-11-24  |y BK  |z Catalogado en:20190125  |k DLH